Statistiche per Province Italiane

Clicka qui per fare il quiz!

Statistiche generali

  • Questo quiz è stato fatto 17,810 volte
  • Il punteggio medio è 69 su 110

Statistiche sulle risposte

Regione Provincia % Correct
Milano
92%
Napoli
91%
Roma
91%
LiguriaGenova
88%
Emilia-RomagnaBologna
87%
Torino
86%
L'Aquila
85%
Trieste
82%
PugliaBari
81%
Reggio Calabria
81%
Firenze
80%
MoliseCampobasso
79%
Palermo
79%
SardegnaCagliari
78%
Venezia
78%
Potenza
78%
Valle D'AostaAosta
77%
La Spezia
76%
Trento
75%
CalabriaCatanzaro
75%
BasilicataMatera
74%
MarcheAncona
73%
LombardiaBergamo
73%
Salerno
73%
Udine
73%
Como
72%
Brescia
72%
Rimini
72%
Reggio Emilia
72%
Parma
71%
Latina
71%
Pisa
70%
Pescara
70%
Lecce
70%
UmbriaPerugia
69%
Imperia
69%
Caserta
68%
Verona
68%
Savona
67%
Trentino-Alto AdigeBolzano
67%
PiemonteAlessandria
66%
CampaniaAvellino
66%
Catania
66%
LazioFrosinone
66%
Modena
65%
Pordenone
64%
Lecco
64%
Benevento
64%
Monza e Brianza
63%
Crotone
63%
Sassari
62%
Messina
62%
Isernia
62%
AbruzzoChieti
62%
Friuli-Venezia GiuliaGorizia
62%
Mantova
62%
Ravenna
62%
Piacenza
61%
Ferrara
61%
Cosenza
61%
Viterbo
60%
Taranto
60%
Forlì-Cesena
60%
Cremona
60%
Asti
60%
Cuneo
60%
Varese
59%
Lodi
59%
Foggia
59%
Rieti
59%
Livorno
58%
Pavia
58%
Padova
58%
Pesaro e Urbino
58%
Vibo Valentia
57%
Teramo
57%
Vicenza
57%
Siracusa
56%
Brindisi
56%
SiciliaAgrigento
55%
Siena
55%
Sondrio
55%
Enna
54%
Lucca
54%
Trapani
54%
Terni
54%
Novara
54%
Vercelli
53%
Ascoli Piceno
53%
Barletta-Andria-Trani
52%
Macerata
51%
Biella
51%
Prato
51%
VenetoBelluno
50%
Massa e Carrara
50%
Ragusa
50%
Grosseto
50%
Caltanissetta
50%
Nuoro
49%
ToscanaArezzo
48%
Treviso
48%
Olbia-Tempio
47%
Rovigo
47%
Pistoia
46%
Verbano-Cusio-Ossola
46%
Oristano
43%
Fermo
41%
Carbonia-Iglesias
28%
Ogliastra
27%
Medio Campidano
26%

Distribuzione punteggi

Percentile per numero di risposta

Percentuale di utenti per punteggio

I tuoi punteggi nel tempo

Non hai fatto questo quiz